Statistiques concernant Evolutions de Pokémon - 3ème Génération

Cliquez ici pour prendre le quiz!

Statistiques générales

  • Ce quiz a été pris 69 fois
  • Le résultat moyen est 18 sur 24

Statistiques - réponses

PokémonEvolution% Correct
Poussifeu (2)Braségali
95%
Tarsal (2)Gardevoir
90%
Draby (2)Drattak
86%
Arcko (2)Jungko
86%
ArckoMassko
85%
Terhal (2)Métalosse
85%
PoussifeuGalifeu
83%
Gobou (2)Laggron
83%
MedhyènaGrahyèna
78%
Parecool (2)Monaflémit
78%
StalgaminOniglali
78%
TarsalKirlia
76%
ChamallotCamérupt
73%
DynavoltÉlecsprint
73%
Kraknoix (2)Libégon
71%
TerhalMétang
69%
GobouFlobio
66%
MakuhitaHariyama
63%
Grainipiot (2)Tengalice
63%
ParecoolVigoroth
63%
DrabyDrackhaus
58%
GrainipiotPifeuil
56%
KraknoixVibraninf
54%
ArakdoMaskadra
47%

Distribution des résultats

Percentile par nombre de réponses

% des personnes avec chaque résultat

Votre développement - résultats

Vous n’avez pas pris ce quiz